00594nam a2200217Ia 4500001000700000003000500007008004100012010001100053020001800064040000900082082002100091100001900112245009300131250001400224260003200238300002000270503000800290650002700298650003200325700001900357Z_5585CHAP220113s2004 xx 000 0 und d a168679 a1-4051-1546-7 cCHAP a636.3089 E3 2004 aEales, Andrews aPractical lambing and lamb care : a veterinary guide /cby Andrews Eales and John Small a3 rd. ed. aOxford :bBlackwell,c2004 a247 p. : bilus ac/e aCorderosxEnfermedades aGanado lanarxEnfermedades  aI. Small, John